| 000 | 02283cam a22005294i 4500 | ||
|---|---|---|---|
| 003 | PE-LiUPU | ||
| 005 | 20250731180134.0 | ||
| 008 | 150625s r 000 0 d | ||
| 020 | _a8420540099 | ||
| 035 | _a(Sirsi) i9788420540092 | ||
| 040 |
_aPE-LiUPU _bspa _cPE-LiUPU _erda |
||
| 049 | _aPRUA | ||
| 082 | 0 | 4 |
_a530.04 _bE91 _221 |
| 100 | 1 |
_aEsquembre, Francisco, _eautor. |
|
| 245 | 1 | 0 |
_aCreación de simulaciones interactivas en Java : _bAplicación a la enseñanza de la física / _cFrancisco Esquembre. |
| 264 | 1 |
_aMadrid : _bPearson Educación, _c2005. |
|
| 300 |
_a352 páginas : _bilustraciones,tablas,diágramas ; _c24 centímetros |
||
| 300 | _aCD-ROM | ||
| 336 |
_atext _2rdacontent |
||
| 337 |
_aunmediated _2rdamedia |
||
| 338 |
_avolume _2rdacarrier |
||
| 504 | _aIncluye bibliografía. | ||
| 505 | 0 | _aCración de simulaciones interactivas en Java. -Los computadores y la enseñanza de la Física. -Una primera toma de contacto. -Creación de modelos. -Construcción de una vista. -Usando la simulación. -Simulaciones para la enseñanza de la física. -Tiro parabólico y colisiones. -Oscilaciones. -Movimientos acelerados. -Eventos. -Sistemas de partículas. -Ecuaciones en derivadas parciales. -Sistemas autoorganizados. -Programación de algoritmos en Java. -Algunas clases de Java realmente útiles. -Mensajes de error de Java. | |
| 526 | _aSEG44 | ||
| 526 | _aSEG26 | ||
| 526 | _aP159 | ||
| 526 | _aP155 | ||
| 526 | _aP154 | ||
| 526 | _aP153 | ||
| 526 | _aP150 | ||
| 526 | _aP100 | ||
| 526 | _aP31 | ||
| 526 | _aP30 | ||
| 526 | _aP26 | ||
| 526 | _aP25 | ||
| 526 | _aP24 | ||
| 526 | _aP22 | ||
| 526 | _aP15 | ||
| 526 | _aP10 | ||
| 541 | _g015-009039; | ||
| 650 | 0 | 4 |
_aFísica _xProceso de datos. |
| 942 |
_2ddc _cBOOK |
||
| 949 |
_a530.04 E91 _wDEWEY _c1 _i57831 _d2016-9-28 _e2016-9-28 _lCCODEBUL1 _mBUL _n5 _p51.00 _r0 _sY _tBOOK _u2015-6-25 _xINGENIERIA _PP24 _0COMPRA _o.STAFF. Colección General |
||
| 994 |
_aC0 _bPEPRU |
||
| 596 | _a1 | ||
| 999 |
_a530.04 E91 _wDEWEY _c46829 _i57831 _d46829 _e2016-9-28 _f2021-11-30 _g7 _lCCODEBUL1 _mBUL _n5 _p51.00 _r0 _sY _tBOOK _u2015-6-25 _xINGENIERIA _PP24 _0COMPRA _o.STAFF. Colección General |
||
| 980 |
_81 _gALBERTO SANCHEZ Responsable de Automatización |
||